Statistics for Immigration to Spain by Country

Click here to take the quiz!

General Stats

  • This quiz has been taken 30 times
  • The average score is 17 of 20

Answer Stats

Population (2024)Country% Correct
122,000France
100%
139,000Germany
100%
982,000Morocco
100%
184,000Portugal
100%
262,000United Kingdom
100%
216,000China
92%
302,000Argentina
88%
566,000Colombia
88%
143,000Italy
88%
265,000Peru
88%
441,000Venezuela
88%
180,000Bolivia
83%
165,000Brazil
83%
177,000Cuba
75%
416,000Ecuador
75%
1,080,000Romania
75%
173,000Dominican Republic
71%
150,000Honduras
63%
113,000Ukraine
63%
127,000Bulgaria
54%

Score Distribution

Percentile by Number Answered

Percent of People with Each Score

Your Score History

You have not taken this quiz